| 000 | 00439nam a2200157 i 4500 | ||
|---|---|---|---|
| 001 | 94958 | ||
| 003 | ES-MaACL | ||
| 005 | 20230906181611.0 | ||
| 007 | t| | ||
| 008 | 050518s1956 sp ||||1| spa d | ||
| 100 | 1 |
_aLuelmo Alonso, Ramón. _974630 |
|
| 245 | 1 | 3 |
_aLa Catedral de Zamora / _cRamón Luelmo Alonso. |
| 260 |
_aZamora : _bEl Correo de Zamora. |
||
| 300 |
_aV, 124 p., 6 lám. ; _c16 cm. |
||
| 852 |
_aES-MaACL _jC-11687 _bR.38874 |
||
| 999 |
_c94958 _d94958 |
||